| 000 | 00837nam a22002777a 4500 | ||
|---|---|---|---|
| 999 |
_c1142 _d1142 |
||
| 001 | 001677 | ||
| 003 | CoMeUDC001677 | ||
| 005 | 20190201202026.0 | ||
| 008 | 000401s1973 sp spa | ||
| 016 | 7 |
_abimoBNE20001933332 _zIND2000948660 _2SpMaBN |
|
| 017 |
_aNA 78-1973 _bOficina Depósito Legal Navarra |
||
| 020 | _a8471373076 | ||
| 035 | _a(OCoLC)433233261 | ||
| 040 |
_aSpMaBN _bspa _cCoMeUDC |
||
| 080 | 0 | _a591.615(084) | |
| 082 |
_a591.5 _bS182 |
||
| 110 | 2 | _aFondo Mundial para la Naturaleza | |
| 245 | 1 | 0 | _aAnimales en peligro... / |
| 260 |
_aPamplona : _bSalvat, _c[1973]. |
||
| 300 |
_a161 p. : _bil. col.; _c30 cm. |
||
| 650 | 7 |
_aAnimales _xProtección _vObras ilustradas _2embne |
|
| 942 |
_2ddc _cBK |
||
| 956 | _a2 | ||
| 980 |
_aM-BN _bBNALCALA _jDL/28898 _cCONSERVACI |
||
| 980 |
_aM-BN _bBNALCALA _jJ1/7525 _cALCALA |
||